Teach Yourself Oracle 8 in 21 Days (Record no. 611845)

000 -LEADER
fixed length control field 00366nam a22001337a 4500
020 ## - INTERNATIONAL STANDARD BOOK NUMBER
International Standard Book Number 8176350486
040 ## - CATALOGING SOURCE
Transcribing agency Nust
082 ## - DEWEY DECIMAL CLASSIFICATION NUMBER
Classification number 005.7565
Author Mark WHA
100 ## - MAIN ENTRY--PERSONAL NAME
Personal name Edward Whalen
9 (RLIN) 126094
245 ## - TITLE STATEMENT
Title Teach Yourself Oracle 8 in 21 Days
260 ## - PUBLICATION, DISTRIBUTION, ETC.
Place of publication, distribution, etc. New Delhi:
Name of publisher, distributor, etc. Techmedia publishers,
Date of publication, distribution, etc. 1998.
650 ## - SUBJECT ADDED ENTRY--TOPICAL TERM
Topical term or geographic name entry element Teach Yourself Oracle 8 in 21 Days
9 (RLIN) 126095
942 ## - ADDED ENTRY ELEMENTS (KOHA)
Source of classification or shelving scheme
Koha item type Book
Holdings
Withdrawn status Lost status Source of classification or shelving scheme Damaged status Not for loan Permanent Location Current Location Shelving location Date acquired Total Checkouts Full call number Barcode Date last seen Price effective from Koha item type
          College of Electrical & Mechanical Engineering (CEME) College of Electrical & Mechanical Engineering (CEME) General Stacks 09/25/2024   005.7565 WHA CEME- 34774 09/25/2024 09/25/2024 Book
© 2023 Central Library, National University of Sciences and Technology. All Rights Reserved.